Экономика фирмы: учебник

Dades bibliogràfiques
Autor corporatiu: Южный федеральный университет
Altres autors: Максимов В. А., Ермишина А. В., Спиридонов М. А. Михаил Анатольевич, Матвеева О. А. Ольга Анатольевна
Sumari:Учебник содержит теоретический материал, контрольные вопросы и задачи по всем темам курса «Экономика фирмы», включенным в программу обучения студентов экономических специальностей. Предназначен для студентов, преподавателей экономических дисциплин, а также может быть использован в системе повышения квалификации экономических к управленческих кадров.
Idioma:rus
Publicat: Ростов-на-Дону, Феникс, 2009
Col·lecció:Высшее образование
Образование
Matèries:
Format: MixedMaterials Llibre
KOHA link:https://koha.lib.tpu.ru/cgi-bin/koha/opac-detail.pl?biblionumber=158257

MARC

LEADER 00000nam0a2200000 4500
001 158257
005 20231101222026.0
010 |a 9785222149812  |b (в пер.)  |b 3000 экз. 
021 |a RU  |b 09-15333  |9 09-908 
035 |a (RuTPU)RU\TPU\book\171638 
090 |a 158257 
100 |a 20090330d2009 m y0rusy5002 ca 
101 0 |a rus 
102 |a RU 
105 |a y j 001zy 
200 1 |a Экономика фирмы  |e учебник  |f В. А. Максимов [и др.]  |g Южный федеральный университет 
210 |a Ростов-на-Дону  |c Феникс  |d 2009 
215 |a 573 с. 
225 1 |a Высшее образование 
225 1 |a Образование 
320 |a Библиогр.: с. 563-567. 
330 |a Учебник содержит теоретический материал, контрольные вопросы и задачи по всем темам курса «Экономика фирмы», включенным в программу обучения студентов экономических специальностей. Предназначен для студентов, преподавателей экономических дисциплин, а также может быть использован в системе повышения квалификации экономических к управленческих кадров. 
606 1 |a Фирмы  |x Экономика  |2 stltpush  |3 (RuTPU)RU\TPU\subj\37240  |9 58338 
610 1 |a экономика 
610 1 |a предприятия 
610 1 |a управление 
610 1 |a организационная структура 
610 1 |a производственная программа 
610 1 |a производственная мощность 
610 1 |a основной капитал 
610 1 |a оборотные средства 
610 1 |a персонал 
610 1 |a издержки 
610 1 |a ценообразование 
610 1 |a экономическая эффективность 
610 1 |a прибыль 
610 1 |a финансы 
610 1 |a инвестиционная деятельность 
610 1 |a конкурентоспособность 
610 1 |a качество 
610 1 |a продукция 
610 1 |a инновационная деятельность 
610 1 |a планирование 
610 1 |a учебники 
686 |a У9(2)29я73  |v LBC/SL-A  |2 rubbk 
701 1 |a Максимов  |b В. А. 
701 1 |a Ермишина  |b А. В. 
701 1 |a Спиридонов  |b М. А.  |g Михаил Анатольевич 
701 1 |a Матвеева  |b О. А.  |g Ольга Анатольевна 
712 0 2 |a Южный федеральный университет  |2 stltpush  |3 (RuTPU)RU\TPU\col\11594 
801 1 |a RU  |b 63413507  |c 20090421  |g PSBO 
801 2 |a RU  |b 63413507  |c 20150731  |g PSBO 
900 |a Экономика фирмы 
900 |a Экономика фирмы (предприятия) 
942 |c BK 
959 |a 51/20090420  |d 17  |e 0  |f АНЛ:1  |f ЧЗГЛ:1  |f УФ:15